000 00775pam a2200229 a 4500
001 4505514
005 20240206053334.0
008 980127s1998 cau b 001 0 eng
020 _a0761992502 (cloth : alk. paper)
020 _a0761992782 (pbk. : alk. paper)
040 _aDLC
_cDLC
_dDLC
082 0 0 _a306/.09542
_221
_bCUL.
100 1 _aKhare, R. S.
245 1 0 _aCultural diversity and social discontent :
_banthropological studies on contemporary India /
_cR.S. Khare.
260 _aWalnut Creek, CA :
_bAltaMira Press,
_c1998.
300 _a282 p. ;
650 0 _aEthnology
650 0 _aEthnology
856 4 2 _uhttp://www.loc.gov/catdir/enhancements/fy0657/98011303-d.html
856 4 1 _uhttp://www.loc.gov/catdir/enhancements/fy0657/98011303-t.html
942 _cL
999 _c312
_d312